[Event "POR-ch prel"]
[Site "Lisbon"]
[Date "2013.07.20"]
[Round "8.6"]
[White "Guerra, Vitor Manuel Vestia"]
[Black "Santos, Julio Fernandes"]
[Result "1/2-1/2"]
[WhiteElo "2183"]
[BlackElo "1960"]
[PlyCount "103"]
[EventDate "2013.07.15"]
[EventType "swiss"]
[EventRounds "9"]
[EventCountry "POR"]
[SourceTitle "EXT 2015"]
[Source "ChessBase"]
[SourceDate "2014.11.20"]
[SourceVersion "1"]
[SourceVersionDate "2014.11.20"]
[SourceQuality "1"]

1. d4 d5 2. Nf3 e6 3. g3 Nf6 4. Bg2 c5 5. c4 cxd4 6. cxd5 Qxd5 7. Qxd4 Nc6 8. Qxd5 exd5 9. 0-0 Be6 10. Nc3 Be7 11. Rd1 h6 12. Nb5 0-0 13. b3 Rac8 14. Bb2 a6 15. Nbd4 Rfd8 16. Rac1 Nxd4 17. Nxd4 Rxc1 18. Rxc1 Rc8 19. Rd1 Kf8 20. a3 a5 21. h3 Ke8 22. e3 Bd7 23. Bf1 Ne4 24. Nb5 Rc2 25. Bxg7 Nxf2 26. Rxd5 Nxh3+ 27. Bxh3 Bxh3 28. Bxh6 Rc5 29. Nd6+ Bxd6 30. Rxd6 Rc6 31. Rxc6 bxc6 32. Bg7 Be6 33. Bc3 Bxb3 34. Bxa5 f5 35. Kf2 Bd5 36. Bb4 Kd7 37. Ke2 Be4 38. Kd2 Ke6 39. Kc3 Kd5 40. Bf8 c5 41. Be7 Bf3 42. a4 Kc6 43. Bd8 Be4 44. Be7 Bf3 45. a5 Be2 46. Bf8 Ba6 47. Be7 Kd5 48. Bg5 Ke4 49. Bf4 Bb5 50. Bg5 Ba6 51. Be7 Kd5 52. Bg5 1/2-1/2

[Event "POR-ch"]
[Site "Amadora"]
[Date "2011.09.05"]
[Round "3"]
[White "Dias, Paulo Jorge Guimara"]
[Black "Guerra, Vitor Manuel Vestia"]
[Result "1/2-1/2"]
[WhiteElo "2443"]
[BlackElo "2202"]
[PlyCount "143"]
[EventDate "2011.09.03"]
[EventType "tourn"]
[EventRounds "9"]
[EventCountry "POR"]
[EventCategory "1"]
[SourceTitle "CBM 144 Extra"]
[Source "ChessBase"]
[SourceDate "2011.10.28"]
[SourceVersion "1"]
[SourceVersionDate "2011.10.28"]
[SourceQuality "1"]

1. d4 d5 2. c4 c6 3. Nf3 Nf6 4. Nc3 e6 5. e3 Nbd7 6. Bd3 Be7 7. 0-0 dxc4 8. Bxc4 c5 9. a3 cxd4 10. exd4 0-0 11. Re1 a6 12. Qe2 Nb6 13. Bd3 Bd7 14. Bg5 h6 15. Bd2 Nbd5 16. Ne4 Qb6 17. Ne5 Rfd8 18. Nxf6+ Nxf6 19. Nc4 Qxd4 20. Ba5 Rf8 21. Rad1 Qh4 22. Bc7 Bc6 23. Nb6 Rae8 24. Rc1 Bd5 25. Bg3 Qd4 26. Nxd5 exd5 27. Be5 Qg4 28. Qd2 Nd7 29. h3 Qh5 30. Bg3 Bg5 31. f4 Bd8 32. Kh2 Nf6 33. Qd1 Rxe1 34. Bxe1 Qxd1 35. Rxd1 Re8 36. g3 Bc7 37. Kg2 Bb6 38. g4 Ne4 39. Kf3 Bd4 40. Bxa6 Bxb2 41. Bxb7 Bxa3 42. Bxd5 Nf6 43. Bc6 Rc8 44. Bb5 Be7 45. Ra1 g6 46. Ra7 Kf8 47. Rb7 Bd6 48. Rb6 Be7 49. Ba4 Bd8 50. Rb7 Be7 51. Bb3 Rc6 52. Bd2 Rd6 53. Be3 Rd7 54. Rb8+ Rd8 55. Rb5 Kg7 56. Ke2 Rd7 57. Bd2 Ne4 58. Be1 Bh4 59. Ba5 Bd8 60. Ke3 Bxa5 61. Rxa5 Nf6 62. Bc4 Kf8 63. Be2 Nd5+ 64. Kf3 Nf6 65. h4 Rc7 66. Ra3 Kg7 67. Rd3 Re7 68. g5 hxg5 69. fxg5 Ne8 70. Rb3 Nd6 71. Bd3 Re5 72. Rb4 1/2-1/2

[Event "Mondariz op 9th"]
[Site "Mondariz Balneario"]
[Date "2011.08.24"]
[Round "3.5"]
[White "Cano Cabanillas, Javier"]
[Black "Guerra, Vitor Manuel Vestia"]
[Result "1/2-1/2"]
[WhiteElo "1917"]
[BlackElo "2193"]
[PlyCount "153"]
[EventDate "2011.08.22"]
[EventType "swiss"]
[EventRounds "7"]
[EventCountry "ESP"]
[SourceTitle "EXT 2024"]
[Source "ChessBase"]
[SourceDate "2023.10.10"]
[SourceVersion "1"]
[SourceVersionDate "2023.10.10"]
[SourceQuality "1"]

1. e4 c5 2. Na3 e6 3. c3 d5 4. e5 Nc6 5. Nf3 a6 6. Nc2 b5 7. d4 Bd7 8. Bd3 g6 9. Bg5 Qb6 10. h4 h5 11. Qd2 c4 12. Be2 b4 13. 0-0 Rb8 14. b3 bxc3 15. Qxc3 cxb3 16. axb3 a5 17. Rfb1 Nb4 18. Nxb4 Bxb4 19. Qe3 Ne7 20. Bf6 Nf5 21. Qf4 Rg8 22. Bd3 Bc3 23. Bxf5 Bxa1 24. Bd3 Bc3 25. Qh6 Qb4 26. Bg7 Bb5 27. Bxb5+ Rxb5 28. Qh7 Rxg7 29. Qxg7 Qf8 30. Qf6 a4 31. Ng5 a3 32. Nh7 a2 33. Rc1 Qb4 34. Qh8+ Kd7 35. Nf6+ Kc7 36. Ne8+ Kc6 37. Nd6 Rb8 38. Rxc3+ Qxc3 39. Qxb8 a1Q+ 40. Kh2 Qa6 41. b4 Kd7 42. Qe8+ Kc7 43. Nb5+ Qxb5 44. Qxb5 Qxd4 45. Qa5+ Qb6 46. Qa3 Qxf2 47. Qc3+ Kd7 48. Kh3 Qf5+ 49. Kh2 Qf4+ 50. g3 Qc4 51. Qf3 Qc2+ 52. Kg1 Ke8 53. Qa3 Qd1+ 54. Kh2 Qe2+ 55. Kg1 Qxe5 56. Qa8+ Ke7 57. Qb7+ Kf6 58. b5 Qxg3+ 59. Kf1 Qd3+ 60. Kg1 Qe3+ 61. Kf1 d4 62. Qb6 Qf3+ 63. Ke1 Qc3+ 64. Kf1 d3 65. Qd8+ Kg7 66. b6 Qc1+ 67. Kf2 Qd2+ 68. Kg3 Qe3+ 69. Kg2 d2 70. b7 Qe4+ 71. Kg3 Qe1+ 72. Kg2 Qe4+ 73. Kg3 Qg4+ 74. Kh2 d1Q 75. Qh8+ Kxh8 76. b8Q+ Kg7 77. Qh8+ 1/2-1/2